| 000 | 00852nam a2200145Ia 4500 | ||
|---|---|---|---|
| 008 | 090124s9999 xx 000 0 und d | ||
| 082 | _b125537 | ||
| 245 | _a समकालीन ऊर्दू कथा(1पुस्तक अ)/2 पुस्तक क्र.25537ब -सुरेंद्र प्रकाशकी कहानिय् | ||
| 250 | _a0 | ||
| 300 | _a121 / 129 | ||
| 630 | _a समकालीन ऊर्दू कथा(1पुस्तक अ)/2 पुस्तक क्र.25537ब -सुरेंद्र प्रकाशकी कहानिय् | ||
| 700 | _aपंडित राम | ||
| 730 | _a समकालीन ऊर्दू कथा(1पुस्तक अ)/2 पुस्तक क्र.25537ब -सुरेंद्र प्रकाशकी कहानिय् | ||
| 942 | _cBOOK | ||
| 999 |
_c171627 _d171627 |
||